000
00295nam a2200121Ia 4500
005
20251222153642.0
008
251222s9999||||xx |||||||||||||| ||spa||
082
_a
616.07/A86/V.I
245
0
_a
Semiología y Fisiopatología
250
_a
1ra.ed.
264
_b
Editorial El Ateneo
942
_c
LIB
999
_c
32771
_d
32771